000 00251nam a2200097Ia 4500
005 20251222114410.0
008 251222s1900||||xx |||||||||||||| ||spa||
082 _aDVD0010/S75/2003
245 0 _aRescatando al soldado Ryan:Saving private Ryan
942 _cDVD
999 _c1983
_d1983